In Quest of Indian Folktales: Pandit Ram Gharib Chaube and William Crooke (Record no. 1846905)
[ view plain ]
| 000 -LEADER | |
|---|---|
| fixed length control field | 00694nam a2200289Ia 4500 |
| 005 - DATE AND TIME OF LATEST TRANSACTION | |
| control field | 20260401122359.0 |
| 008 - FIXED-LENGTH DATA ELEMENTS--GENERAL INFORMATION | |
| fixed length control field | 008 250103s9999 xx 000 0 eng d |
| 037 ## - SOURCE OF ACQUISITION | |
| Stock number | TB |
| 040 ## - CATALOGING SOURCE | |
| Original cataloging agency | EDL |
| 040 ## - CATALOGING SOURCE | |
| Language of cataloging | eng |
| 040 ## - CATALOGING SOURCE | |
| Transcribing agency | EDL |
| 041 ## - LANGUAGE CODE | |
| Source of code | eng |
| 041 ## - LANGUAGE CODE | |
| Language code of text/sound track or separate title | eng |
| 084 ## - COLON CLASSIFICATION NUMBER | |
| Classification number | 398.20954 NAI |
| 084 ## - COLON CLASSIFICATION NUMBER | |
| Assigning agency | EDL |
| 100 ## - MAIN ENTRY--PERSONAL NAME | |
| Personal name | Naithani, Sadhana |
| 9 (RLIN) | 1233426 |
| 245 #0 - TITLE STATEMENT | |
| Title | In Quest of Indian Folktales: Pandit Ram Gharib Chaube and William Crooke |
| 245 #0 - TITLE STATEMENT | |
| Statement of responsibility, etc. | Naithani, Sadhana |
| 260 ## - PUBLICATION, DISTRIBUTION, ETC. | |
| Place of publication, distribution, etc. | USA |
| 260 ## - PUBLICATION, DISTRIBUTION, ETC. | |
| Name of publisher, distributor, etc. | Indiana University Press |
| 260 ## - PUBLICATION, DISTRIBUTION, ETC. | |
| Date of publication, distribution, etc. | 2006 |
| 300 ## - PHYSICAL DESCRIPTION | |
| Extent | 328p |
| 942 ## - ADDED ENTRY ELEMENTS (KOHA) | |
| Koha item type | Textbook |
| 942 ## - ADDED ENTRY ELEMENTS (KOHA) | |
| Classification part | 398.20954 NAI |
| Withdrawn status | Lost status | Damaged status | Not for loan | Home library | Current library | Date acquired | Total Checkouts | Full call number | Barcode | Date last seen | Price effective from | Koha item type |
|---|---|---|---|---|---|---|---|---|---|---|---|---|
| Department of English Library | Department of English Library | 2026-04-01 | 398.20954 NAI | EL2152274 | 2026-04-01 | 2026-04-01 | Textbook |
